书目信息 |
| 题名: |
击退痔疮
|
|
| 作者: | 李成卫 主编 | |
| 分册: | ||
| 出版信息: | 北京 北京出版社 2005.04 |
|
| 页数: | 156页 | |
| 开本: | 21cm | |
| 丛书名: | 做自己的保健医生 | |
| 单 册: | ||
| 中图分类: | R657.1 | |
| 科图分类: | ||
| 主题词: | 痔--zhi--诊疗 | |
| 电子资源: | ||
| ISBN: | 7-200-05198-5 | |
| 000 | 00882nam 2200253 450 | |
| 001 | 012008293745 | |
| 005 | 20080322164603.34 | |
| 010 | @a7-200-05198-5@dCNY9.00 | |
| 100 | @a20080322d2005 km y0chiy0120 ea | |
| 101 | 0 | @achi |
| 102 | @aCN@b110000 | |
| 105 | @aa z 000yy | |
| 106 | @ar | |
| 200 | 1 | @a击退痔疮@Aji tui zhi chuang@f本书主编李静君, 李成卫@Fben shu zhu bian li jing jun,li cheng wei |
| 210 | @a北京@c北京出版社@d2005.04 | |
| 215 | @a156页@c图@d21cm | |
| 225 | 2 | @a做自己的保健医生@Azuo zi ji de bao jian yi sheng |
| 330 | @a痔疮之痛,苦不堪言。本书详细介绍了简便易行的在家庭中治疗痔疮的治疗方法、概述了痔疮的基础知识,以及就诊和配合医生治疗的注意事项。 | |
| 410 | 0 | @12001 @a做自己的保健医生 |
| 606 | 0 | @a痔@Azhi@x诊疗 |
| 690 | @aR657.1@v4 | |
| 701 | 0 | @a李成卫@Ali cheng wei@4主编 |
| 801 | 0 | @aCN@bQSSK@c20080322 |
| 905 | @b20290098-00@dR657.1@eL137@f3 | |
| 击退痔疮/本书主编李静君, 李成卫.-北京:北京出版社,2005.04 |
| 156页:图;21cm.-(做自己的保健医生) |
| ISBN 7-200-05198-5:CNY9.00 |
| 痔疮之痛,苦不堪言。本书详细介绍了简便易行的在家庭中治疗痔疮的治疗方法、概述了痔疮的基础知识,以及就诊和配合医生治疗的注意事项。 |
| ● |
| 相关链接 |
|
|
|
正题名:击退痔疮
索取号:R657.1/L137
 
预约/预借
| 序号 | 登录号 | 条形码 | 馆藏地/架位号 | 状态 | 备注 |
| 1 | 290098 | 202900986 | 自科库401/401自科库 19排3列4层/ [索取号:R657.1/L137] | 在馆 | |
| 2 | 290099 | 202900995 | 自科库401/401自科库 19排3列4层/ [索取号:R657.1/L137] | 在馆 | |
| 3 | 290100 | 202901002 | 自科库401/401自科库 19排3列4层/ [索取号:R657.1/L137] | 在馆 |